| 000 | 00800nam a22001817a 4500 | ||
|---|---|---|---|
| 999 |
_c57090 _d57090 |
||
| 005 | 20191114153652.0 | ||
| 008 | 191114s2013 en ||||| |||| 00| 0 eng d | ||
| 080 | _a37.01 E-65 | ||
| 245 |
_aEquity in Learning? _bA COMPARATIVE ANALYSIS OF THE PISA 2009 RESULTS IN CENTRAL AND EASTERN EUROPE AND THE COMMONWEALTH OF INDEPENDENT STATES / _cEdit. Stephen Boyle. |
||
| 264 |
_aGeneva, _c2013. |
||
| 300 |
_a141 p.: _bill.: _c29 cm. |
||
| 653 | _aგანათლება | ||
| 653 | _aსწავლა | ||
| 700 |
_aBoyle, Stephen _eრედაქტორი _95345 |
||
| 710 |
_eUnicief _95346 |
||
| 856 |
_uhttp://education-equity.org/wp-content/uploads/2013/12/UNICEF-Learnig-Lessons_PISA-Results_Proof-9.pdf _ypdf, ელექტრონული ვერსია |
||
| 942 |
_2udc _cBK |
||